Regional economic outlook Middle-East and Central Asia

Gespeichert in:
Bibliographische Detailangaben
Format: Buch
Sprache:Englisch
Veröffentlicht: Washington, D.C. International Monetary Fund 2012
Schriftenreihe:World economic and financial surveys
Schlagworte:
Tags: Tag hinzufügen
Keine Tags, Fügen Sie das erste Tag hinzu!

MARC

LEADER 00000nam a2200000 4500
001 0155350
005 20240315115628.5
020 |a 978-1-47551-081-2 
041 0 |a eng 
044 |a US 
245 1 0 |a Regional economic outlook  |b Middle-East and Central Asia 
264 1 |a Washington, D.C.  |b International Monetary Fund  |c 2012 
300 |a xi, 113 s. 
490 1 |a World economic and financial surveys 
830 0 |a World economic and financial surveys 
610 2 0 |a politika hospodárska 
610 2 0 |a prognózy hospodárske 
610 2 0 |a podmienky hospodárske 
610 2 0 |a rozvoj hospodársky 
610 2 0 |a Stredný východ 
610 2 0 |a Ázia 
610 2 0 |a MENA 
610 2 0 |a ropa 
610 2 0 |a údaje štatistické medzinárodné